LIBRARY ONLINE CATALOGUE

Wasifu wa Moi / (Record no. 12724)

MARC details
000 -LEADER
fixed length control field 00587cam a22002052 4500
001 - CONTROL NUMBER
control field 0000002675
005 - DATE AND TIME OF LATEST TRANSACTION
control field 20151217155816.0
008 - FIXED-LENGTH DATA ELEMENTS--GENERAL INFORMATION
fixed length control field 070418s xx 000 0 eng d
040 ## - CATALOGING SOURCE
Original cataloging agency KABU
Transcribing agency KABU
050 #0 - LIBRARY OF CONGRESS CALL NUMBER
Classification number PL8704
Item number .A2W37
245 10 - TITLE STATEMENT
Title Wasifu wa Moi /
Statement of responsibility, etc. Mhariri Faraj Dumila.
260 ## - PUBLICATION, DISTRIBUTION, ETC. (IMPRINT)
Place of publication, distribution, etc. Nairobi :
Name of publisher, distributor, etc. KLB,
Date of publication, distribution, etc. 1978.
300 ## - PHYSICAL DESCRIPTION
Extent 52 p.
600 10 - SUBJECT ADDED ENTRY--PERSONAL NAME
Personal name Moi, Daniel arap,
Dates associated with a name 1924,
General subdivision Poetry.
-- 0000152143
650 #0 - SUBJECT ADDED ENTRY--TOPICAL TERM
Topical term or geographic name as entry element Swahili poetry.
-- 0000152144
700 1# - ADDED ENTRY--PERSONAL NAME
Personal name Dumila Faraj.
-- 0000152145
908 ## - PUT COMMAND PARAMETER (RLIN)
Put command parameter 070418
950 ## - LOCAL HOLDINGS (RLIN)
-- 1
Holdings
Withdrawn status Lost status Source of classification or shelving scheme Not for loan Home library Current library Date acquired Total Checkouts Full call number Barcode Date last seen Price effective from Koha item type
    Library of Congress Classification   Kabarak, Main Campus Kabarak, Main Campus 17/12/2015   PL8704 .A2W37 003889 17/12/2015 17/12/2015 Africana Collection